Computer security handbook
Αποθηκεύτηκε σε:
| Άλλοι συγγραφείς: | , , |
|---|---|
| Μορφή: | Βιβλίο |
| Γλώσσα: | English |
| Δημοσίευση: |
New York :
John Wiley & Sons,
c1995
|
| Έκδοση: | 3rd ed. |
| Θέματα: | |
| Ετικέτες: |
Προσθήκη ετικέτας
Δεν υπάρχουν, Καταχωρήστε ετικέτα πρώτοι!
|
MARC
| LEADER | 00000nam a2200000 i 4500 | ||
|---|---|---|---|
| 001 | 1/5939 | ||
| 008 | 000210s1995 eng d | ||
| 020 | |a 0-471-11854-0 | ||
| 035 | |l 10061760 | ||
| 040 | |a GR-MY-UA |b gre |e aacr | ||
| 041 | 0 | |a eng | |
| 082 | 0 | |a 658.478 | |
| 245 | 1 | 0 | |a Computer security handbook / |c edited by Arthur E. Hutt, Seymour Bosworth, Douglas B. Hoyt |
| 250 | |a 3rd ed. | ||
| 260 | |a New York : |b John Wiley & Sons, |c c1995 | ||
| 300 | |a 1 v. (various pagings); |b ill.; |c 26 cm. | ||
| 504 | |a Includes bibliographical references and index | ||
| 650 | 0 | 0 | |a Electronic data processing departments |x Security measures. |
| 700 | 0 | |a Hutt, Arthur E. |4 edt | |
| 700 | 0 | |a Bosworth, Seymour. |4 edt | |
| 700 | 0 | |a Hoyt, Douglas B. |4 edt | |
| 852 | |a INST |b CHIOS |e 20000210 |h 658.478 COM |p 005200018934 |q 005200018934 |t BK |y 0 | ||
| 852 | |a INST |b SAMOS |e 20000609 |h 658.478 COM |p 005300019609 |q 005300019609 |t BK |y 0 | ||
| 901 | |a BIBL3-2000-2 | ||
| 901 | |a BIBL2-2000-1 | ||
| 909 | |a Σ |b 078919 | ||
| 909 | |a Χ |b 074227 | ||
| 922 | |a 3ΕΛΗ |b 200005 |c ΚΠΣ |d ΠΑΠΑΣΩΤΗΡΙΟΥ | ||
| 922 | |a 2ΕΛΗ |b 200002 |c ΤΝΕΥ |d ΠΑΠΑΣΩΤΗΡΙΟΥ | ||
| 950 | |a 116-1999-12-31 | ||
| 950 | |a 125-1999-07-15 | ||
| 970 | |a ΜΑΛΑΓΑΡΗ |b ΦΩΤΕΙΝΗ |z 2000/07/25 | ||
| 970 | |a ΣΠΕΝΤΖΑ |b ΕΛΕΝΗ |z 2000/02/11 | ||